| 000 | 00632nam a2200205Ii 4500 | ||
|---|---|---|---|
| 001 | 9444 | ||
| 003 | CO-ViMGA | ||
| 008 | 241108s9999||||xx |||||||||||||| ||und|| | ||
| 020 | _a968241203X | ||
| 040 |
_aCO-ViMGA _bspa _erda _cCO-ViMGA |
||
| 041 | 0 | _aunk | |
| 084 | _aLJ-86 | ||
| 245 | 1 | 0 | _aSir gawain y el caballero verde y otros textos |
| 264 | 1 | _a[Lugar de publicación no identificado] : Trilla, [Fecha de publicación no identificada] | |
| 300 | _avolumen | ||
| 336 |
_atext _btxt _2rdacontent |
||
| 337 |
_aunmediated _bn _2rdamedia |
||
| 338 |
_avolume _bnc _2rdacarrier |
||
| 940 | _aidficha_siabuc: 9234. -- ficha_no_siabuc:9444 | ||
| 999 |
_c55775 _d55775 |
||